Complete the Quote - Breaking Bad - Statistics

General Stats
  • This quiz has been taken 129 times
  • The average score is 11 of 20
Answer Stats
Said by Answer % Correct
Walter I am the one who {knocks}.
100%
Saul Don't drink and drive. But if you do, {call} {me}.
73%
Jesse This is my own {private} {domicile} and I will not be harassed... Bitch!
70%
Hank You're the smartest guy I ever met and you're too stupid to see... he {made} {up} {his} {mind} ten minutes ago.
70%
Gus Last chance to look at me {Hector}.
68%
Jesse You don't want a criminal lawyer. You want a {criminal} {lawyer}.
67%
Hank No, they're {minerals}! Jesus Marie!
65%
Skyler Someone has to protect this family from the man who {protects} this family.
63%
Hank Damn. Chick's got an ass like an onion. Makes me want to {cry}.
62%
Walter Jesse, you asked me if I was in the meth business or the money business… Neither. I’m in the {empire} business.
58%
Tuco {TIGHT} {TIGHT} {TIGHT}! YEAH! Oh, blue, yellow, pink. Whatever man. Just keep bringing me that.
56%
Walter If you don't know who I am, then maybe your best course would be to {tread} {lightly}.
50%
Mike No more {half} {measures} Walter.
48%
Marie Why don't you {kill} {yourself} Walt?
47%
Walter Smoking marijuana, eating Cheetos, and {masturbating} do not constitute 'plans' in my book.
44%
Saul His taste in women is the same as his taste in lawyers. Only the best with just the right amount of {dirty}.
41%
Mike Just because you shot {Jesse} {James}, don't make you {Jesse} {James}.
37%
Walter Fuck you and your {eyebrows}.
33%
Saul Scientists love {lasers}.
21%
Skinny Pete I'm slinging mad volume and stacking Benjis, you know what I'm saying? I can't be all about, like, {spelling} and shit.
16%
No matching quizzes found
Score Distribution
Percent of People with Each Score
Percentile by Number Answered
Your Score History
You have not taken this quiz